| 000 | 00812nam a2200277Ia 4500 | ||
|---|---|---|---|
| 001 | Para_6199 | ||
| 003 | CHAP | ||
| 008 | 220125s1978 xx 000 0 und d | ||
| 010 | _a204819 | ||
| 040 | _cCHAP | ||
| 082 | _aPA-C 595.7 A74 | ||
| 100 |
_aArevalo, Isabel S. de _9170774 |
||
| 245 |
_aBibliografía entomológica Colombiana / _c por Isabel S. de Arevalo, German O. Valenzuela |
||
| 260 | _aBogotá; Universidad Nacional de Colombia | ||
| 300 | _ac.a. 165 p. | ||
| 440 |
_aNotas divulgativas _9170775 |
||
| 650 |
_aEntomología _x bibliografía _937115 |
||
| 700 |
_aValenzuela, German O. _9170776 |
||
| 901 | _aPA-C 595.7 A74 | ||
| 902 | _aA | ||
| 905 | _a0000001978 0000000000 00 | ||
| 910 | _a1978 | ||
| 942 | _cPARA | ||
| 942 |
_cPARA _d1 |
||
| 999 |
_c204819 _d204819 |
||